00597nam a22001817a 450000500170000001000150001702000260003203500140005803700130007208200140008524501160009926000370021527000700025230000230032250000200034570000210036570000290038620170713114743.0 aENG-119167 a9788175417922c750.00 aEN-102699 bDBAD/PUB a327.54059 aIndia and South East Asia:cedited by Arpita Basu Roy [and] Subhadeep BhattacharyabState,Borders and culture / aDelhibShipra Publicationsc2014 aLG-18-19,Pankaj Central Market,I.P.Ext. PatparganjbDelhie110092 axx,180p.c23cm(Hb) aIncludes index a Basu Roy,Arpita a Bhattacharya, Subhadeep